L'Oratorio
Guardat en:
| Autor principal: | |
|---|---|
| Format: | Llibre |
| Idioma: | francès |
| Publicat: |
París
Larrousse
1948
|
| Col·lecció: | Formes, écoles et oeuvres musicales. Norbert Dufourcq
|
| Matèries: | |
| Etiquetes: |
Afegir etiqueta
Sense etiquetes, Sigues el primer a etiquetar aquest registre!
|
MARC
| LEADER | 00000nam a2200000 a 4500 | ||
|---|---|---|---|
| 001 | UCW2486 | ||
| 003 | CL-VaPUC | ||
| 008 | 920430e19480000FR |||||||||||||||||fre|d | ||
| 082 | 0 | 4 | |a 782.23 |b RAU |2 21 |
| 100 | 0 | |a Raugel, Félix |e author |9 306654 | |
| 245 | 1 | 2 | |a L'Oratorio |
| 300 | |a 143 p | ||
| 942 | |c BK | ||
| 945 | |d 19920430 00:00:00 | ||
| 260 | |a París |b Larrousse |c 1948 | ||
| 650 | 7 | |a ORATORIOS MUSICA |2 CL-VaPUC |9 306655 | |
| 650 | 0 | |a Música sacra |9 306656 | |
| 583 | |a last modification |c 19920430 00:00:00 |k Rodrigo Vera | ||
| 490 | 0 | |a Formes, écoles et oeuvres musicales. Norbert Dufourcq | |
| 999 | |c 217027 |d 217025 | ||
| 952 | |0 0 |1 0 |4 0 |6 782_230000000000000_RAU_1948 |7 0 |8 A |9 203517 |a BIBEDU |b BIBEDU |d 2019-11-15 |i 2707527 |o 782.23 RAU 1948 |p 2707527 |r 2022-01-17 |w 2019-11-15 |y BK |k MUS | ||